000 00760nam a2200277Ia 4500
003 OSt
005 20220912150447.0
006 a|||||r|||| 00| 0
007 ta
008 220909b |||||||| |||| 00| 0 eng d
020 _a3718651793 (hbd)
024 _a3720
037 _cTextual
040 _aCSL
_beng
_cCSL
041 _aeng
082 _aY7:(R), N1
100 _aFabian Johannes
245 0 _aTime and the work of anthropology: critical essays 1971-1991
260 _aChur
_bHarwood Academic Publishers
_c1991
300 _axv, 299p
490 _aStudies in anthropology and history; 4
650 _a Philosophy
650 _aAnthropology
942 _hY7:(R), N1
_cTEXL
_2CC
999 _c47945
_d47945